[Event "Maribor"]
[Site "Maribor"]
[Date "1990.??.??"]
[Round "2"]
[White "Timoshchenko, Gennadi A"]
[Black "Cigan, Stefan"]
[Result "1-0"]
[WhiteElo "2495"]
[BlackElo "2395"]

1.d4 Nf6 2.c4 g6 3.Nc3 Bg7 4.e4 d6 5.Nf3 O-O 6.Be2 e5 7.O-O Nc6 8.d5 Ne7
9.Nd2 a5 10.a3 Nd7 11.Rb1 f5 12.b4 Bh6 13.Nb3 Bxc1 14.Rxc1 axb4 15.axb4 f4
16.c5 Nf6 17.Nd2 g5 18.Nb5 Ne8 19.Nc4 Bd7 20.Nc3 Ng6 21.Na5 Rb8 22.c6 bxc6
23.dxc6 Be6 24.Nb7 Qf6 25.b5 Ne7 26.Bg4 Rf7 27.Nd5 Nxd5 28.Bxe6 Qxe6 29.exd5 Qg6
30.f3 e4 31.fxe4 Re7 32.Rc4 Nf6 33.b6 Nxe4 34.bxc7 Rxc7 35.Re1 Re8 36.Qc2 Nf6
37.Qxg6+ hxg6 38.Rd1 Re5 39.Nxd6 Rxd5 40.Rxd5 Nxd5 41.Nb5 Rc8 42.c7  1-0

[Event "Maribor"]
[Site "Maribor"]
[Date "1990.??.??"]
[Round "10"]
[White "Gostisa, Leon"]
[Black "Vombek, Dani"]
[Result "1-0"]
[WhiteElo "2420"]
[BlackElo "2315"]

1.d4 g6 2.Nf3 Nf6 3.c4 Bg7 4.Nc3 O-O 5.e4 d6 6.Be2 e5 7.O-O Nc6 8.d5 Ne7
9.Nd2 a5 10.a3 Bd7 11.b3 c5 12.Rb1 Ne8 13.b4 axb4 14.axb4 b6 15.bxc5 bxc5
16.Nb3 f5 17.f3 f4 18.Bd2 Nf6 19.Ra1 Rxa1 20.Qxa1 g5 21.Qa5 Qe8 22.Qc7 Nc8
23.Na5 g4 24.fxg4 Nxg4 25.Nb7 Rf6 26.h3 Nh6 27.Bh5 Qe7 28.Nd8 Rf8 29.Ne6 Bxe6
30.Qxe7 Nxe7 31.dxe6 Rf6 32.Ra1 Rxe6 33.Ra7 Bf8 34.Be1 Nc6 35.Rc7 Na5 36.Nd5 Nxc4
37.Be2 Na3 38.Ra7 Nc2 39.Bc4 Kh8 40.Bh4 Ng8 41.Ra8 Kg7 42.Nxf4 exf4 43.Bxe6 Nh6
44.Bg5 Kg6 45.Bxf4  1-0

[Event "Maribor"]
[Site "Maribor"]
[Date "1990.??.??"]
[Round "10"]
[White "Sher, Miron N"]
[Black "Cigan, Stefan"]
[Result "1/2-1/2"]
[WhiteElo "2485"]
[BlackElo "2395"]

1.c4 g6 2.e4 Bg7 3.d4 d6 4.Nc3 Nf6 5.Nf3 O-O 6.Be2 e5 7.O-O Nc6 8.d5 Ne7
9.Nd2 a5 10.b3 c5 11.a3 Ne8 12.Rb1 f5 13.b4 b6 14.bxa5 bxa5 15.Qb3 Nf6 16.Qb6 Qd7
17.Bd1 Ra6 18.Qb8 Qd8 19.exf5 Nxf5 20.Bc2 Nd4 21.Bd3 Bh6 22.Qb2 Bf5 23.Bxf5 gxf5
24.Nb3 Bxc1 25.Qxc1  1/2-1/2

[Event "Metz op"]
[Site "Metz"]
[Date "1990.??.??"]
[Round "3"]
[White "Van Wely, Loek"]
[Black "Bernard, Nicolas"]
[Result "1-0"]
[WhiteElo "2445"]
[BlackElo "2245"]

1.d4 Nf6 2.c4 g6 3.Nc3 Bg7 4.e4 d6 5.Nf3 O-O 6.Be2 e5 7.O-O Nc6 8.d5 Ne7
9.b4 Nh5 10.g3 f5 11.Ng5 Nf6 12.f3 h6 13.Ne6 Bxe6 14.dxe6 c6 15.Qb3 Qb6+
16.Kg2 Rad8 17.a4 Kh8 18.b5 Qc7 19.Rb1 Qc8 20.bxc6 bxc6 21.Qb7 Qxe6 22.Qxa7 Ra8
23.Qb7 Nd7 24.Ba3 Nf6 25.Rfd1 Rad8 26.h3 Rd7 27.Qb6 fxe4 28.fxe4 h5 29.a5 Nh7
30.a6 Ng5 31.Rh1 Rdd8 32.a7 Qc8 33.Qe3 Bh6 34.Rb8 Qa6 35.a8=Q  1-0

[Event "URS-ch U26"]
[Site "Minsk"]
[Date "1990.??.??"]
[Round "?"]
[White "Epishin, Vladimir"]
[Black "Akopian, Vladimir"]
[Result "0-1"]
[WhiteElo "2550"]
[BlackElo "2550"]

1.d4 Nf6 2.c4 g6 3.Nc3 Bg7 4.e4 d6 5.Nf3 O-O 6.Be2 e5 7.O-O Nc6 8.d5 Ne7
9.Nd2 Nd7 10.b4 f5 11.c5 Nf6 12.f3 f4 13.Nc4 g5 14.a4 Ng6 15.Ba3 Rf7 16.b5 Bf8
17.b6 cxb6 18.Nxd6 Rg7 19.Nxc8 Rxc8 20.d6 bxc5 21.Nb5 Rc6 22.Nc7 Qxd6 23.Bc4+ Kh8
24.Ne6 Rd7 25.Qxd6 Rcxd6 26.Nxg5 Rd2 27.Bb5 R7d4 28.Ne6 Nh4 29.Nxd4 Rxg2+
30.Kh1 exd4 31.Bc4 Nd7 32.Rg1 Rg6 33.Rxg6 hxg6 34.Be2 Ne5 35.a5 d3 36.Bd1 Nc4
37.Ra2 g5 38.Bb2+ Bg7 39.e5 Ng6 40.Bc3 Bxe5 41.Bb3 Ne3  0-1

[Event "Miskolc"]
[Site "Miskolc"]
[Date "1990.??.??"]
[Round "10"]
[White "Lukacs, Peter"]
[Black "Zakic, Srdjan"]
[Result "1-0"]
[WhiteElo "2460"]
[BlackElo "2425"]

1.d4 Nf6 2.c4 g6 3.Nc3 Bg7 4.e4 d6 5.Nf3 O-O 6.Be2 e5 7.O-O Nc6 8.d5 Ne7
9.Ne1 Nd7 10.Nd3 f5 11.Bd2 Nb6 12.b3 fxe4 13.Nxe4 c6 14.dxc6 bxc6 15.c5 dxc5
16.Ndxc5 Nf5 17.Bg4 Nd4 18.Bxc8 Qxc8 19.Kh1 Nd5 20.f3 Qf5 21.Qc1 Kh8 22.Qc4 h6
23.Rae1 g5 24.h3 Rad8 25.Ba5 Rb8 26.Bd2 Rbd8 27.Kh2 Nf4 28.Qc3 h5 29.Nf2 Nfe2
30.Qe3 e4 31.Nfxe4 g4 32.Rxe2 Nxe2 33.Qxe2 g3+ 34.Nxg3 Rfe8 35.Nge4 h4  1-0

[Event "Moscow (Women)"]
[Site "Moscow"]
[Date "1990.??.??"]
[Round "?"]
[White "Sirotkina, Nina"]
[Black "Baginskaite, Kamile"]
[Result "0-1"]
[WhiteElo "2235"]
[BlackElo "2300"]

1.d4 Nf6 2.c4 g6 3.Nc3 Bg7 4.e4 d6 5.Be2 O-O 6.Nf3 e5 7.O-O Nc6 8.Be3 Ng4
9.Bg5 f6 10.Bh4 g5 11.Bg3 Nh6 12.dxe5 fxe5 13.Ne1 Nd4 14.Nc2 c6 15.f3 Nf7
16.Bf2 Qf6 17.Qd2 Nd8 18.b4 N8e6 19.Nxd4 exd4 20.Na4 c5 21.Bg3 Nf4 22.bxc5 d3
23.Bxd3 Qd4+ 24.Kh1 Nxd3 25.Rad1 Bd7 26.Qxd3 Qxd3 27.Rxd3 Bxa4 28.cxd6 Rac8
29.e5 Bd7 30.Rb3 b6 31.Ra3 a5 32.Rb3 Rc6 33.Rfb1 Rb8 34.h3 Kf7 35.Rb5 Rxc4
36.e6+ Kxe6 37.Rxg5 Bd4 38.Rxa5 bxa5 39.Rxb8 Rc1+  0-1

[Event "Moscow2"]
[Site "Moscow"]
[Date "1990.??.??"]
[Round "?"]
[White "Khenkin, Igor"]
[Black "Bokan, Danko"]
[Result "1-0"]
[WhiteElo "2450"]
[BlackElo "2260"]

1.d4 Nf6 2.Nf3 g6 3.c4 Bg7 4.Nc3 d6 5.e4 O-O 6.Be2 e5 7.O-O Nc6 8.d5 Ne7
9.Ne1 Nd7 10.Nd3 f5 11.Bd2 c5 12.f4 exf4 13.Bxf4 Bxc3 14.bxc3 fxe4 15.Ne1 Nf6
16.g4 Kg7 17.Ng2 h6 18.h4 Neg8 19.Ne3 Qe7 20.Qe1 Ne8 21.g5 h5 22.Qg3 Kh8
23.Rf2 Bd7 24.a4 Rd8 25.a5 Bc8 26.Raf1 Kh7 27.Bd1 Qg7 28.Be5 Rxf2 29.Bxg7 Rxf1+
30.Kxf1 Nxg7 31.Qf4 Bf5 32.Bc2 Ne7 33.Ke2 Rd7 34.Kd2 Rd8 35.Qf1 Kg8 36.Qb1 Bc8
37.Bxe4 Nef5 38.Nxf5 Nxf5 39.Bxf5 Bxf5 40.Qxb7 Rd7 41.Qc8+ Kg7 42.Kc1 Kf7
43.Qh8 Ke7 44.Qf6+ Ke8 45.Kb2 Rb7+ 46.Ka3 Rd7 47.Ka4 a6 48.Qh8+ Ke7 49.Qa8 Rd8
50.Qxa6 Rb8 51.Qa7+ Bd7+ 52.Ka3 Rb1 53.a6 Kd8 54.Ka2 Bf5 55.Qa8+ Kc7 56.Qc6+ Kb8
57.Qxd6+ Ka7 58.Qxc5+ Kxa6 59.Qa3+ Kb7 60.Qe7+ Ka6 61.Qf6+ Rb6 62.c5  1-0

[Event "New York op"]
[Site "New York"]
[Date "1990.??.??"]
[Round "6"]
[White "Henley, Ron W"]
[Black "Brooks, Michael A"]
[Result "1/2-1/2"]
[WhiteElo "2490"]
[BlackElo "2460"]

1.d4 Nf6 2.c4 g6 3.Nc3 Bg7 4.e4 d6 5.Be2 O-O 6.Nf3 e5 7.O-O Nc6 8.d5 Ne7
9.Ne1 Nd7 10.Nd3 f5 11.Bd2 Nf6 12.f3 f4 13.g4 g5 14.c5 Ng6 15.Rc1 Rf7 16.a4 Bf8
17.cxd6 cxd6 18.Nb5 h5 19.h3 hxg4 20.hxg4 Rh7 21.Be1 Be7 22.Kg2 Qf8 23.Rh1 Rxh1
24.Kxh1 Qh6+ 25.Kg2 Bd7 26.Bf2 Nh4+ 27.Bxh4 Qxh4 28.Qe1 Qxe1 29.Nxe1 Ne8
30.Nd3 a6 31.Nc7 Rc8 32.Nxe8 Rxc1 33.Nxc1 Bxe8 34.b3  1/2-1/2

[Event "New York op"]
[Site "New York"]
[Date "1990.??.??"]
[Round "7"]
[White "Djuric, Stefan"]
[Black "Byrne, Robert E"]
[Result "0-1"]
[WhiteElo "2495"]
[BlackElo "2460"]

1.d4 Nf6 2.c4 g6 3.Nc3 Bg7 4.e4 d6 5.Nf3 O-O 6.Be2 e5 7.O-O Nc6 8.d5 Ne7
9.b4 Nh5 10.c5 f5 11.exf5 gxf5 12.Ng5 Nf6 13.Qb3 h6 14.cxd6 cxd6 15.Ne6 Bxe6
16.dxe6 d5 17.Bb2 Qb6 18.Na4 Qd6 19.Nc5 b6 20.f4 bxc5 21.fxe5 Qb6 22.exf6 c4+
23.Kh1 cxb3 24.fxg7 Rfc8 25.Bh5 Qxe6 26.Rae1 Qd6 27.axb3 d4 28.Rd1 d3 29.Rfe1 Rc2
30.Be5 Qxb4 31.Bf3 d2 32.Re3 Rc1  0-1

[Event "NOR-chT"]
[Site "NOR"]
[Date "1990.??.??"]
[Round "?"]
[White "Bern, Ivar"]
[Black "Nilssen, Sven Wisloff"]
[Result "1-0"]
[WhiteElo "2370"]
[BlackElo "2020"]

1.d4 Nf6 2.c4 g6 3.Nc3 Bg7 4.e4 d6 5.Be2 O-O 6.Nf3 e5 7.O-O Nc6 8.d5 Ne7
9.Bg5 Nh5 10.g3 f6 11.Bd2 Bh3 12.Re1 Bg4 13.b4 Kh8 14.Nh4 Bxe2 15.Qxe2 Ng8
16.Ng2 Bh6 17.f4 a5 18.bxa5 Rxa5 19.Rf1 Ra8 20.f5 Bxd2 21.Qxd2 gxf5 22.exf5 Qe7
23.g4 Ng7 24.a4 b6 25.Rae1 Ne8 26.Nf4 Qg7 27.Ne6 Qxg4+ 28.Qg2 Qxg2+ 29.Kxg2 Rf7
30.Kf3 Nh6 31.Ke4 Ng7 32.Re3 Rg8 33.Rg3 Ne8 34.Rxg8+ Nxg8 35.Nb5 Nh6 36.a5 bxa5
37.Ra1 Ng7 38.Rxa5 Nxe6 39.dxe6  1-0

[Event "NOR-ch"]
[Site "NOR"]
[Date "1990.??.??"]
[Round "2"]
[White "Ostenstad, Berge"]
[Black "Djurhuus, Rune"]
[Result "1-0"]
[WhiteElo "2425"]
[BlackElo "2405"]

1.Nf3 Nf6 2.c4 g6 3.Nc3 Bg7 4.e4 d6 5.d4 O-O 6.Be2 e5 7.O-O Nc6 8.d5 Ne7
9.Nd2 c5 10.Rb1 b6 11.b4 cxb4 12.Rxb4 Nd7 13.Rb1 f5 14.Nb3 Nf6 15.f3 f4 16.a4 a5
17.Ba3 Kh8 18.Nd2 Ba6 19.c5 Bxe2 20.Qxe2 bxc5 21.Nc4 Nc8 22.Rb7 g5 23.Nb5 Ne8
24.Bb2 Rg8 25.Bc3 h5 26.Kh1 Qf6 27.Nxa5 Qg6 28.Nc6 g4 29.a5 h4 30.Nd8 Nf6
31.Nf7+ Kh7 32.Nbxd6 Nxd6 33.Nxd6 Nh5 34.Nf5 Ng3+ 35.Nxg3 hxg3 36.fxg4 Kh8
37.h3 Rgf8 38.Rb6 Qg5 39.Rfb1 Qh4 40.Qf3 c4 41.Kg1 Rfc8 42.Rb7 Qd8 43.Rxg7  1-0

[Event "NOR-ch"]
[Site "NOR"]
[Date "1990.??.??"]
[Round "3"]
[White "Tisdall, Jonathan D"]
[Black "Dannevig, Oystein"]
[Result "1-0"]
[WhiteElo "2425"]
[BlackElo "2245"]

1.d4 Nf6 2.c4 g6 3.Nc3 Bg7 4.e4 d6 5.Be2 O-O 6.Nf3 e5 7.O-O Nc6 8.d5 Ne7
9.b4 Ne8 10.Qb3 h6 11.c5 f5 12.Nd2 Kh7 13.Ba3 Ng8 14.b5 b6 15.cxb6 cxb6 16.Bb4 f4
17.Nc4 g5 18.f3 h5 19.h3 Nh6 20.Nd1 Rg8 21.Nf2 Bf8 22.Rfc1 Rb8 23.Qa3 Rb7
24.Nxe5 g4 25.fxg4 Rbg7 26.Bf3 hxg4 27.Nexg4 Bxg4 28.Nxg4 Nxg4 29.Bxg4 Nf6
30.Bf3 Rg3 31.Kf1 Nd7 32.Be1 R3g6 33.Qxa7 Bg7 34.Rab1 Ne5 35.Qc7 Qg5 36.h4 Qf6
37.Qxb6 Nxf3 38.gxf3 Kh8 39.Bf2 Rg3 40.Bxg3 fxg3 41.Kg2 Ra8  1-0

[Event "NOR-ch"]
[Site "NOR"]
[Date "1990.??.??"]
[Round "8"]
[White "Grotnes, Nils"]
[Black "Tisdall, Jonathan D"]
[Result "1/2-1/2"]
[WhiteElo "2295"]
[BlackElo "2425"]

1.d4 g6 2.e4 d6 3.c4 Bg7 4.Nc3 Nf6 5.Be2 O-O 6.Nf3 e5 7.O-O Nc6 8.d5 Ne7
9.Ne1 Nd7 10.Nd3 f5 11.Bd2 Nf6 12.f3 Kh8 13.Rc1 Neg8 14.exf5 gxf5 15.f4 e4
16.Nf2 c5 17.Qb3 Qe7 18.Ncd1 Nh6 19.Ne3 Bd7 20.Qd1 Rf7 21.a3 Rg8 22.b4 b6
23.Bc3 Ne8 24.Qd2 Bxc3 25.Qxc3+ Rfg7 26.g3 Nf6 27.Ng2 Re8 28.Rfe1 Kg8 29.Ne3 Nf7
30.Kh1 Rg6  1/2-1/2

[Event "NOR-ch"]
[Site "NOR"]
[Date "1990.??.??"]
[Round "9"]
[White "Gausel, Einar"]
[Black "Tisdall, Jonathan D"]
[Result "0-1"]
[WhiteElo "2460"]
[BlackElo "2425"]

1.d4 Nf6 2.c4 g6 3.Nc3 Bg7 4.e4 d6 5.Be2 O-O 6.Nf3 e5 7.O-O Nc6 8.d5 Ne7
9.Nd2 Nd7 10.b4 f5 11.a4 Nf6 12.f3 f4 13.c5 g5 14.Ba3 Ng6 15.b5 Rf7 16.a5 Bf8
17.b6 axb6 18.axb6 dxc5 19.bxc7 Rxc7 20.Nb5 Rg7 21.Bb2 Rxa1 22.Qxa1 Qe8 23.Qa8 Bd7
24.Nc7 Qxa8 25.Nxa8 b5 26.Ra1 c4 27.Nc7 Bd6 28.Ra8+ Kf7 29.Na6 Rg8 30.Ra7 Rc8
31.Bc3 Ke8 32.Kf1 h5 33.Nb1 g4 34.Nb4 gxf3 35.gxf3 Nh4 36.Na3 Bc5 37.Ra6 Nxe4
38.fxe4 f3 39.Rh6 Bh3+ 40.Ke1 Ng2+ 41.Kd1 fxe2+ 42.Kxe2 Bg4+ 43.Kf1 Ne3+
44.Ke1 Kf7 45.Rc6 Rxc6 46.dxc6 Ke6 47.Kd2 Nf1+ 48.Ke1 Ne3 49.Kd2 Nf1+ 50.Ke1 Nxh2
51.Nxb5 Nf3+ 52.Kf1 Bh3+ 53.Ke2 Nd4+ 54.Bxd4 exd4 55.Nd5 Ke5 56.c7 Bg4+ 57.Kd2  0-1

[Event "Novi Sad ol (Men)"]
[Site "Novi Sad"]
[Date "1990.??.??"]
[Round "1"]
[White "Murugan, Krishnamoorthy"]
[Black "Hjartarson, Johann"]
[Result "0-1"]
[WhiteElo "2425"]
[BlackElo "2520"]

1.Nf3 Nf6 2.d4 g6 3.c4 Bg7 4.Nc3 O-O 5.e4 d6 6.Be2 e5 7.O-O Nc6 8.d5 Ne7
9.Ne1 Nd7 10.Nd3 f5 11.Bd2 Nf6 12.f3 f4 13.g4 g5 14.h3 h5 15.b4 Ng6 16.Be1 Rf7
17.Kg2 Bf8 18.Rh1 Be7 19.a3 Qf8 20.Ra2 Kh7 21.Bf2 a6 22.Ra1 Bd7 23.Qb3 Kh8
24.a4 Nh4+ 25.Bxh4 gxh4 26.Kh2 hxg4 27.hxg4 Qh6 28.Raf1 Rg8 29.Nf2 h3 30.Rhg1 Qh4
31.Ncd1 c6 32.a5 cxd5 33.exd5 e4 34.fxe4 Bxg4 35.Bxg4 Nxg4+ 36.Nxg4 Rxg4
37.Qc3+ Rfg7 38.Rxg4 Qxg4 39.Qf3 Qg2+ 40.Qxg2 hxg2 41.Rg1 f3 42.Ne3 Bf6  0-1

[Event "Novi Sad ol (Men)"]
[Site "Novi Sad"]
[Date "1990.??.??"]
[Round "2"]
[White "Van der Sterren, Paul"]
[Black "O'Neill, Paul"]
[Result "1-0"]
[WhiteElo "2485"]
[BlackElo "2235"]

1.d4 Nf6 2.c4 g6 3.Nc3 Bg7 4.e4 d6 5.Be2 O-O 6.Nf3 e5 7.O-O Nc6 8.d5 Ne7
9.Nd2 Nd7 10.b4 f5 11.c5 dxc5 12.bxc5 Nxc5 13.Ba3 Nxe4 14.Ndxe4 fxe4 15.Bc4 Kh8
16.Nxe4 Bf5 17.d6 Bxe4 18.dxe7 Qxd1 19.Rfxd1 Rfe8 20.Bf7 Bc6 21.Bxe8 Rxe8
22.Rd8 Kg8 23.Rad1 e4 24.Rxe8+ Bxe8 25.Rd8 Kf7 26.Rb8 b6 27.Rb7 Be5 28.Rxa7 Bc6
29.Bb4 Bd5 30.a4 c5 31.Ba3 c4 32.e8=Q+  1-0

[Event "Novi Sad ol (Men)"]
[Site "Novi Sad"]
[Date "1990.??.??"]
[Round "2"]
[White "Hutchings, Stuart J"]
[Black "Piket, Jeroen"]
[Result "0-1"]
[WhiteElo "2320"]
[BlackElo "2495"]

1.Nf3 g6 2.d4 Bg7 3.c4 Nf6 4.Nc3 O-O 5.e4 d6 6.Be2 e5 7.O-O Nc6 8.d5 Ne7
9.Ne1 Nd7 10.Nd3 f5 11.Bd2 Nf6 12.f3 h5 13.c5 f4 14.cxd6 cxd6 15.Rc1 g5 16.Nf2 Ng6
17.Nb5 Ne8 18.Qc2 g4 19.fxg4 hxg4 20.Qb3 a6 21.Na3 Nf6 22.Nc4 b5 23.Na5 Bh6
24.Nc6 Qb6 25.Rc2 Kh7 26.Ba5 Qe3 27.Rc3 Qxe2 28.Rc2 Qe3 29.Rc3 g3 30.hxg3 Qe2
31.g4 Nxg4 32.Rc2 Qe3 33.Rc3 Nxf2 34.Rxe3 fxe3 35.Be1 Nf4 36.Bxf2 Ne2+ 37.Kh2 Rxf2
38.Rxf2 exf2 39.Qf3 Bf4+ 40.g3 Nxg3  0-1

[Event "Novi Sad ol (Men)"]
[Site "Novi Sad"]
[Date "1990.??.??"]
[Round "3"]
[White "Morovic Fernandez, Ivan"]
[Black "Marquez, Raul"]
[Result "1/2-1/2"]
[WhiteElo "2530"]
[BlackElo "2255"]

1.Nf3 Nf6 2.c4 g6 3.Nc3 Bg7 4.e4 d6 5.d4 O-O 6.Be2 e5 7.O-O Nc6 8.d5 Ne7
9.Bd2 Ne8 10.Ne1 f5 11.Nd3 f4 12.Bg4 h5 13.Bxc8 Nxc8 14.c5 Rf7 15.g3 Bh6
16.cxd6 cxd6 17.gxf4 Qh4 18.f3 exf4 19.Rf2 Nb6 20.Rg2 Kh7 21.e5 Rf5 22.Qe1 Qe7
23.Re2 dxe5  1/2-1/2

[Event "Novi Sad ol (Men)"]
[Site "Novi Sad"]
[Date "1990.??.??"]
[Round "3"]
[White "Khechen, Nabil E"]
[Black "Small, Simon"]
[Result "1-0"]
[WhiteElo "2250"]
[BlackElo "2245"]

1.d4 Nf6 2.c4 g6 3.Nc3 Bg7 4.e4 d6 5.Be2 O-O 6.Nf3 e5 7.O-O Nc6 8.d5 Ne7
9.Ne1 Ne8 10.f3 f5 11.g4 f4 12.h4 Nf6 13.Bd2 h6 14.Rf2 a6 15.b4 Bd7 16.c5 b6
17.Nd3 Be8 18.cxb6 cxb6 19.Nb2 Nc8 20.Nc4 Ra7 21.Be1 Nh7 22.Rh2 b5 23.Na5 Rc7
24.a4 Na7 25.axb5 axb5 26.Ra3 Bd7 27.Bf2 Qb8 28.Kg2 Rfc8 29.Qd3 Rc4 30.Nxc4 bxc4
31.Qd2 Nb5 32.Nxb5 Bxb5 33.Qc3 Nf6 34.Rh1 Kf8 35.Rha1 Nd7 36.Ra5 Qb7 37.Ra7 Qb8
38.R1a5 Bf6 39.Qa1 Bd8 40.Ra8 Qb7 41.Rxc8 Qxc8 42.Rxb5 c3 43.Bd3 c2 44.Qc1 Nf6
45.Qxc2 Qd7 46.Qc6  1-0

[Event "Novi Sad ol (Men)"]
[Site "Novi Sad"]
[Date "1990.??.??"]
[Round "4"]
[White "Rahman, T."]
[Black "Sznapik, Aleksander"]
[Result "0-1"]
[WhiteElo "2310"]
[BlackElo "2455"]

1.d4 Nf6 2.c4 g6 3.Nf3 Bg7 4.Nc3 O-O 5.e4 d6 6.Be2 e5 7.O-O Nc6 8.d5 Ne7
9.Ne1 Nd7 10.Nd3 f5 11.Bd2 Kh8 12.b4 Nf6 13.f3 f4 14.c5 g5 15.Nf2 h5 16.h3 Rf7
17.cxd6 cxd6 18.Rc1 Neg8 19.Qc2 Bf8 20.Nb5 Ne8 21.a4 Nh6 22.Nxa7 Rc7 23.Nc6 bxc6
24.dxc6 Rg7 25.a5 g4 26.fxg4 hxg4 27.Nxg4 Nxg4 28.hxg4 Bxg4 29.Be1 Nc7 30.Bxg4 Rxg4
31.Qb3 Qg5 32.Rc2 Bh6 33.b5 Rg8 34.Rff2 f3 35.Qxf3 Nxb5 36.Qf6+ Qxf6 37.Rxf6 Be3+
38.Kh1 Nd4 39.Ra2 Kg7  0-1

[Event "Novi Sad ol (Men)"]
[Site "Novi Sad"]
[Date "1990.??.??"]
[Round "4"]
[White "Skembris, Spyridon"]
[Black "Ivanovic, Bozidar"]
[Result "1/2-1/2"]
[WhiteElo "2455"]
[BlackElo "2520"]

1.d4 Nf6 2.c4 g6 3.Nc3 Bg7 4.e4 O-O 5.Be2 d6 6.Nf3 e5 7.O-O Nc6 8.d5 Ne7
9.b4 Nh5 10.c5 Nf4 11.Bxf4 exf4 12.Rc1 a5 13.bxa5 Rxa5 14.cxd6 cxd6 15.Qb3 Kh8
16.Rfd1 Rc5 17.Na4  1/2-1/2

[Event "Novi Sad ol (Men)"]
[Site "Novi Sad"]
[Date "1990.??.??"]
[Round "5"]
[White "Grivas, Efstratios"]
[Black "Cooper, John Grantley"]
[Result "1-0"]
[WhiteElo "2435"]
[BlackElo "2390"]

1.d4 Nf6 2.Nf3 g6 3.c4 Bg7 4.Nc3 O-O 5.e4 d6 6.Be2 e5 7.O-O Nc6 8.d5 Ne7
9.b4 Nh5 10.c5 a5 11.cxd6 cxd6 12.Nb5 Nf4 13.Bxf4 exf4 14.Rc1 axb4 15.Qb3 Bg4
16.Rc7 Nc8 17.Rxb7 Qa5 18.Bc4 Bxf3 19.gxf3 Nb6 20.Rb1 Nxc4 21.Qxc4 Be5 22.Qxb4 Qxb4
23.Rxb4 Rxa2 24.Rc4 Rfa8 25.Rcc7 Rb2 26.Na7 Rxb7 27.Rxb7 Bd4 28.Nc6 Ra1+
29.Kg2 Bc5 30.Rb2 Rd1 31.Nd8 Bd4 32.Rb8 Kg7 33.Rb7 Kh6 34.Nxf7+ Kh5 35.Nxd6 Rd2
36.Rxh7+ Kg5 37.h4+  1-0

[Event "Novi Sad ol (Men)"]
[Site "Novi Sad"]
[Date "1990.??.??"]
[Round "5"]
[White "Lalic, Bogdan"]
[Black "Strikovic, Aleksa"]
[Result "1-0"]
[WhiteElo "2490"]
[BlackElo "2510"]

1.d4 d6 2.c4 Nf6 3.Nc3 g6 4.e4 Bg7 5.Nf3 O-O 6.Be2 e5 7.O-O Nc6 8.d5 Ne7
9.Nd2 a5 10.a3 c6 11.Ra2 Qc7 12.b4 cxd5 13.Nb5 Qb6 14.cxd5 Bd7 15.bxa5 Rxa5
16.a4 Bxb5 17.Bxb5 Raa8 18.Nc4 Qc7 19.Qe2 Nc8 20.Rc2 Qe7 21.a5 Nd7 22.Ba3 f5
23.f3 fxe4 24.fxe4 Rxf1+ 25.Qxf1 Nc5 26.Nxd6 Nxd6 27.Bxc5 Rxa5 28.Bxd6 Qxd6
29.Rc8+ Bf8 30.Bd7 Kg7 31.Be6 Qb6+ 32.Kh1 Be7 33.g3 Qd4 34.Rg8+ Kh6 35.Qh3+  1-0

[Event "Novi Sad ol (Men)"]
[Site "Novi Sad"]
[Date "1990.??.??"]
[Round "6"]
[White "Pergericht, Daniel"]
[Black "Marquez, Raul"]
[Result "1-0"]
[WhiteElo "2275"]
[BlackElo "2255"]

1.d4 Nf6 2.c4 g6 3.Nc3 Bg7 4.e4 d6 5.Nf3 O-O 6.Be2 e5 7.O-O Nc6 8.Be3 Re8
9.dxe5 dxe5 10.h3 h6 11.c5 Nh7 12.Qxd8 Nxd8 13.Bc4 Ne6 14.Rfd1 Nhg5 15.Nxg5 Nxg5
16.Bxg5 hxg5 17.Nb5 Re7 18.Rd8+ Kh7 19.Rad1 a6 20.Na7 Rxa7 21.Rxc8 a5 22.a4 c6
23.Rd6 g4 24.hxg4 Bh6 25.Rd1 Kg7 26.Kf1 Kf6 27.Ke2 Kg5 28.Kf3 Kf6 29.b3 Bf4
30.Ke2 Kg7 31.g3 Bg5 32.Kf3 Bh6 33.Kg2 Bg5 34.Kh3 Kf6 35.Rg8 Rc7 36.Rd3 Ke7
37.Rf3 f6 38.Rg7+  1-0

[Event "Novi Sad ol (Men)"]
[Site "Novi Sad"]
[Date "1990.??.??"]
[Round "8"]
[White "Shadarevian, Michael"]
[Black "Reyes Najera, Carlos A"]
[Result "1-0"]
[WhiteElo "2365"]
[BlackElo "2240"]

1.Nf3 Nf6 2.c4 g6 3.Nc3 Bg7 4.e4 d6 5.d4 O-O 6.Be2 e5 7.O-O Nc6 8.d5 Ne7
9.Nd2 Nd7 10.b4 a5 11.bxa5 Rxa5 12.Nb3 Ra8 13.Be3 b6 14.a4 f5 15.f3 f4 16.Bf2 g5
17.a5 bxa5 18.c5 Nf6 19.Nxa5 h5 20.Qb3 Bd7 21.Nb7 Rb8 22.c6 Be8 23.Ba7 Bf7
24.Qa4 Qc8 25.Bxb8 Qxb8 26.Qa7 Qe8 27.Nb5 Nexd5 28.exd5 Nxd5 29.Nxc7 Nxc7
30.Nxd6 Qxc6 31.Nxf7 Rxf7 32.Rac1 Qd6 33.Rfd1 Qe7 34.Bc4 Ne6 35.Qxe7 Rxe7
36.Rd6 Kf7 37.Bd5  1-0

[Event "Novi Sad ol (Men)"]
[Site "Novi Sad"]
[Date "1990.??.??"]
[Round "8"]
[White "Van der Sterren, Paul"]
[Black "Uhlmann, Wolfgang"]
[Result "0-1"]
[WhiteElo "2485"]
[BlackElo "2505"]

1.d4 Nf6 2.c4 g6 3.Nc3 Bg7 4.e4 d6 5.Nf3 O-O 6.Be2 e5 7.O-O Nc6 8.d5 Ne7
9.Nd2 a5 10.a3 Bd7 11.Rb1 a4 12.b4 axb3 13.Nxb3 c5 14.dxc6 Bxc6 15.Qd3 Nh5
16.g3 f5 17.exf5 Nxf5 18.Bf3 Bxf3 19.Qxf3 e4 20.Qxe4 Bxc3 21.g4 Qh4 22.Qd5+ Kh8
23.gxf5 Rxf5 24.Qxb7 Raf8 25.f3 Be5 26.Rb2 Nf4 27.Rc2 Qh3  0-1

[Event "Novi Sad ol (Men)"]
[Site "Novi Sad"]
[Date "1990.??.??"]
[Round "8"]
[White "Agdestein, Simen"]
[Black "Cvitan, Ognjen"]
[Result "1/2-1/2"]
[WhiteElo "2600"]
[BlackElo "2515"]

1.d4 Nf6 2.c4 g6 3.Nc3 Bg7 4.e4 d6 5.Nf3 O-O 6.Be2 e5 7.O-O Nc6 8.Be3 Ng4
9.Bg5 f6 10.Bc1 Nh6 11.d5 Ne7 12.b4 Nf7 13.c5 f5 14.Ng5 Nxg5 15.Bxg5 h6 16.Bd2 fxe4
17.Bc4 Bf5 18.g4 Bc8 19.Nxe4 Kh7 20.cxd6 cxd6 21.Rc1 Ng8 22.Qe2 Nf6 23.f3 Bd7
24.Kg2 Qe7 25.b5 Rac8 26.a4 Rc7 27.Qe3 Rfc8 28.Nxf6+ Qxf6 29.Bd3 Rxc1 30.Rxc1 Rxc1
31.Bxc1 b6 32.Qe4 Be8 33.Be3 Qd8 34.a5 Bf6 35.axb6 axb6 36.Qc4 Bg5 37.Bf2 Kg7
38.h4 Bxh4 39.Bxh4 Qxh4 40.Qc7+ Bf7 41.Qxb6 Qg5 42.Be4 h5 43.Qxd6 Qd2+ 44.Kf1 Qd1+
45.Kg2 Qd2+ 46.Kf1 Qd1+ 47.Kg2 Qd2+  1/2-1/2

[Event "Novi Sad ol (Men)"]
[Site "Novi Sad"]
[Date "1990.??.??"]
[Round "9"]
[White "Grivas, Efstratios"]
[Black "Badea, Bela"]
[Result "1/2-1/2"]
[WhiteElo "2435"]
[BlackElo "2480"]

1.d4 Nf6 2.c4 g6 3.Nc3 Bg7 4.e4 d6 5.Be2 O-O 6.Nf3 e5 7.O-O Nc6 8.d5 Ne7
9.b4 a5 10.bxa5 c5 11.Nd2 Rxa5 12.Nb3 Ra6 13.a4  1/2-1/2

[Event "Novi Sad ol (Men)"]
[Site "Novi Sad"]
[Date "1990.??.??"]
[Round "9"]
[White "Horvath, Jozsef"]
[Black "Reyes, Juan"]
[Result "1/2-1/2"]
[WhiteElo "2540"]
[BlackElo "2410"]

1.d4 Nf6 2.c4 g6 3.Nc3 Bg7 4.e4 d6 5.Nf3 O-O 6.Be2 e5 7.O-O Nc6 8.Be3 Ng4
9.Bg5 f6 10.Bc1 f5 11.exf5 Bxf5 12.Bg5 Bf6 13.Bxf6 Nxf6 14.Qd2 Qe7 15.Rfe1 Qg7
16.Rad1 Rae8 17.dxe5 dxe5 18.b3 e4 19.Nd4 Ne5 20.Qg5 Bc8 21.Qg3 c6 22.Nc2 g5
23.Ne3 h5 24.c5  1/2-1/2

[Event "Novi Sad ol (Men)"]
[Site "Novi Sad"]
[Date "1990.??.??"]
[Round "9"]
[White "Rahman, T."]
[Black "Nguyen Anh Dung"]
[Result "1-0"]
[WhiteElo "2310"]
[BlackElo "2205"]

1.d4 Nf6 2.Nf3 g6 3.c4 Bg7 4.Nc3 O-O 5.e4 d6 6.Be2 Nc6 7.O-O e5 8.d5 Ne7
9.Ne1 h6 10.Nd3 Nh7 11.c5 f5 12.f3 Nf6 13.cxd6 cxd6 14.Qb3 Kh8 15.Bd2 g5
16.Nf2 Rf7 17.Rac1 Ng6 18.g3 Nd7 19.Nb5 Bf8 20.exf5 Rxf5 21.Nc7 Rb8 22.Ne6 Qe7
23.Rc7 Rf6 24.Qc2 Qe8 25.Ng4 Be7 26.Rc1 Nb6 27.Nxf6 Bxf6 28.Ba5 Ne7 29.Bxb6 axb6
30.Qe4 Qg8 31.Bd3 h5 32.Rxe7 Bxe7 33.Rc7 Bxe6 34.Rxe7 Bf7 35.Qf5 Rf8 36.Qf6+ Qg7
37.Qxd6 e4 38.Bxe4 Qd4+ 39.Kg2 Qd2+ 40.Kh3 g4+ 41.fxg4 hxg4+ 42.Kxg4 Qe2+
43.Bf3 Rg8+ 44.Kh3 Qf1+ 45.Kh4 Rg6 46.Qf4 Qf2 47.h3 Rxg3 48.Qxg3 Qd4+ 49.Be4 Qf6+
50.Qg5 Qf2+ 51.Kg4 Qg1+ 52.Kf5 Qf2+ 53.Qf4 Bg6+ 54.Kxg6  1-0

[Event "Novi Sad ol (Men)"]
[Site "Novi Sad"]
[Date "1990.??.??"]
[Round "10"]
[White "Hjartarson, Johann"]
[Black "Fedorowicz, John P"]
[Result "1-0"]
[WhiteElo "2520"]
[BlackElo "2565"]

1.c4 Nf6 2.Nc3 g6 3.e4 d6 4.d4 Bg7 5.Nf3 O-O 6.Be2 e5 7.O-O Nc6 8.d5 Ne7
9.Ne1 Nd7 10.Nd3 f5 11.Bd2 Nf6 12.f3 Kh8 13.Rc1 Neg8 14.b4 Rf7 15.c5 Qf8
16.g4 Qe7 17.Kg2 Ne8 18.g5 f4 19.h4 h6 20.Rh1 Bf8 21.Nb5 Rh7 22.Nxc7 Qxc7
23.cxd6 Qd8 24.Nxe5 Rg7 25.Bxf4 h5 26.Nc4 Nxd6 27.Be5 Nf7 28.Bxg7+ Bxg7 29.f4 Ne7
30.d6 Nc6 31.e5 Nxb4 32.Qd2 Na6 33.Bd3 b5 34.Bxg6 Bb7+ 35.Kh2 Nh6 36.Ne3 Bxh1
37.Rxh1 Ng4+ 38.Nxg4 hxg4 39.Re1 Qb6 40.Kg3  1-0

[Event "Novi Sad ol (Men)"]
[Site "Novi Sad"]
[Date "1990.??.??"]
[Round "10"]
[White "Agdestein, Simen"]
[Black "Milos, Gilberto"]
[Result "1/2-1/2"]
[WhiteElo "2600"]
[BlackElo "2540"]

1.d4 Nf6 2.c4 g6 3.Nc3 Bg7 4.e4 d6 5.Nf3 O-O 6.Be2 e5 7.O-O Nc6 8.Be3 Ng4
9.Bg5 f6 10.Bc1 Nxd4 11.Nxd4 exd4 12.Qxd4 f5 13.Qd5+ Kh8 14.Bxg4 fxg4 15.Bg5 c6
16.Qd2 Qc7 17.Bh6 Bxh6 18.Qxh6 Be6 19.b3 Qa5 20.Qe3 Rf6 21.Rad1 Qe5 22.Rd3 Bg8
23.Rfd1 Raf8 24.R1d2 b5 25.cxb5 cxb5 26.Qxa7 b4 27.Nd1 Qxe4 28.Re3 Qc6 29.Qd4 Qc5
30.Re4 Qxd4 31.Rexd4 Re6 32.Kf1 Rc8 33.Rxg4 Rc1 34.Rxb4 Ra1 35.f3 Re5 36.Kf2 Rd5
37.Rxd5 Rxa2+ 38.Ke3 Bxd5 39.Nc3 Ra5 40.Nxd5 Rxd5 41.Rd4 Rb5 42.b4 Kg7 43.Kd3 d5
44.Kc3 Kf6 45.Rd2 Ke5 46.Re2+ Kf4 47.Re7 h5 48.Kb3 Rb8 49.Rd7 Ke5 50.h4 Rb6
51.Rd8 Kd4 52.Ka4 Ra6+ 53.Kb5 Ra2 54.g3 Ra3 55.Rf8 Rb3 56.Rf4+ Ke5 57.Ka4 Rb1
58.Rf8 d4 59.Rd8 Rd1 60.b5 d3 61.Kb3  1/2-1/2